[Event "CAT-chT Honor Division 2019"]
[Site "Catalonia"]
[Date "2019.03.02"]
[Round "7.6"]
[White "Perez Manas, Benjamin"]
[Black "Matnadze, Ana"]
[Result "1/2-1/2"]
[WhiteElo "2303"]
[BlackElo "2372"]
[Annotator "TA"]
[PlyCount "175"]
[EventDate "2019.01.16"]
[EventType "team-tourn"]
[EventCountry "ESP"]
[SourceTitle "playchess.com"]
[Source "ChessBase"]
[SourceQuality "1"]
[WhiteTeam "Barbera"]
[BlackTeam "BCN"]

{[%evp 12,174,78,72,82,26,93,81,88,39,102,77,89,53,47,57,41,7,48,61,54,43,50,38,133,93,118,0,0,-100,0,-9,0,-7,-7,-8,-13,-20,-12,-88,-55,-218,-75,-66,-51,-209,-210,-468,374,385,362,360,679,664,667,175,289,283,227,205,197,187,287,229,290,0,547,594,586,528,791,787,783,796,931,921,2268,2237,2062,1983,29969,29969,29966,29970,29970,29972,29971,29972,29972,29972,29976,29971,29971,29972,29972,29974,29974,29974,29974,29960,29958,29961,10229,0,29975,29976,29975,29977,29977,29975,29974,29974,29974,29975,29975,29976,29976,29977,29977,29978,29979,29980,29980,29980,29980,29981,29981,29981,29981,29982,29982,29979,29979,29975,29977,29978,29977,29976,29976,29977,29977,29978,29978,29979,29979,29980,29980,29971,5600,0,29980,29981,29981,29982,29982,29981,29982,29980,29982,29981,29978,245,245,0,0]} 1. e4 c6 2. d4 d5 3. Nc3 dxe4 4. Nxe4 Nf6 5. Nxf6+ gxf6 6. g3 Bf5 7. Bg2 {LiveBook: 5 Games} e6 {B16: Caro-Kann: Bronstein-Larsen Variation} 8. Ne2 (8. Nf3 $16) 8... Bd6 (8... Nd7 $11 {keeps the balance.}) 9. O-O $16 Nd7 {White is better.} 10. a4 $146 ({Predecessor:} 10. c4 Qc7 11. Nc3 a6 12. c5 Be7 13. b4 O-O 14. h4 h5 15. Qxh5 {1-0 (27) Lanc,A (2355)-Petran,P (2320) Slovakia 2013}) 10... Qc7 (10... h5 $14) 11. a5 a6 12. Bf4 h5 13. Bxd6 Qxd6 14. c4 h4 15. d5 cxd5 16. cxd5 e5 17. Nc3 Rc8 (17... Bg6 $14) 18. Rc1 Ke7 19. Be4 (19. Qf3 $1 $16 {[%cal Rf3f5]} Bg6 20. Ne4 Bxe4 21. Qxe4) 19... Bh3 20. Qf3 (20. Bg2 $1 $11 Bxg2 21. Kxg2) 20... Rcg8 (20... Bxf1 $17 21. Rxf1 Rc4) 21. Rfe1 $11 Bg4 22. Qd3 hxg3 23. hxg3 f5 $36 {[%mdl 2048] White is under pressure.} 24. Bg2 $1 Kf6 25. Bf3 (25. Nb1 $11) 25... Nc5 $17 26. Qe2 $2 (26. Qd1 $1 $15) 26... Bxf3 (26... e4 $19 27. Bxg4 Rxg4) 27. Qxf3 {And now b4 would win.} Kg6 28. b4 $2 (28. Ne2 $15) 28... Nb3 $19 29. Nb5 $2 (29. Rcd1 Nd4 30. Qd3) 29... Nd2 $4 {[%mdl 8192] [#]} ({Worse is} 29... axb5 30. Qxb3 Rc8 31. Red1 $11) (29... Qxb4 $19 {and all is fine.} 30. Rxe5 Qg4 31. Qxg4+ fxg4) 30. Qxf5+ $1 $18 {[%mdl 512]} Kxf5 31. Nxd6+ Kg4 $2 (31... Kf6 32. Kg2 Rh5) 32. Kg2 f6 33. Rc3 $2 (33. Rcd1) 33... Rh7 (33... Rg7 $142 34. Re2 Rd8 35. Nxb7 (35. Rxd2 Rxd6 36. Rc4+ Kf5 $16) 35... Rxb7) 34. f3+ Kg5 35. Ne4+ Nxe4 36. fxe4 {[%mdl 4096] Endgame KRR-KRR} Rgh8 {[#]} (36... Kg4 {keeps fighting.} 37. Rf1 Rgh8 38. Rxf6 Rh2+ 39. Kg1 Rh1+ 40. Kf2 R8h2+ 41. Ke3 Re1+ 42. Kd3 Rhe2) 37. Kf3 $1 Rh2 38. Rd1 $2 (38. Rc7 $18) 38... f5 $2 {[%mdl 8192]} (38... Rb2 $11) 39. d6 {[%cal Bd5d6,Bd6d7][%mdl 32]} Rd8 40. d7 Rh7 41. Rc7 Kf6 42. Rxb7 fxe4+ 43. Kxe4 Rg7 44. Rd6+ Ke7 45. Rxa6 Rxg3 46. Kxe5 Rg5+ 47. Kd4 Rxd7+ 48. Rxd7+ Kxd7 {KR-KR} 49. Rh6 Kc7 50. Kc4 Kb7 51. Rd6 Rg1 52. Kc5 Rg5+ 53. Rd5 Rg7 54. Kb5 Ka7 55. Kc6 Ka6 56. Rd6 Rg5 57. Rd5 $2 (57. Rf6 $18 {Threatens to win with Rd6.} Rh5 58. Rd6) 57... Rg6+ $2 {[%mdl 8192]} (57... Rg7 $11 58. Rd6 Rg5) 58. Kc5 Rg1 59. Rd6+ Kb7 60. Rd7+ Kc8 61. Rh7 Kb8 62. Re7 Rg5+ 63. Kc6 Rg6+ 64. Kd5 Rg5+ 65. Re5 Rg1 66. b5 Rg7 67. Re6 Rd7+ 68. Rd6 Rh7 69. Kc5 Rc7+ 70. Rc6 Rh7 71. a6 Ka7 72. Kb4 Rh1 73. Rc7+ Kb8 74. Re7 Rh4+ 75. Ka5 Rh5 76. Rd7 Rg5 77. Kb6 {[%cal Rd7d8]} Rg6+ {[#]} 78. Kc5 $1 Rg1 79. Rd8+ Ka7 80. Rd7+ (80. Rd3 $18 Rc1+ 81. Kb4 Rb1+ 82. Rb3) 80... Kb8 $1 81. Kc6 Rc1+ 82. Kb6 Rc8 83. Rb7+ Ka8 84. Ra7+ Kb8 85. Rd7 Rh8 86. a7+ $2 (86. Rd6 {mates} Rc8 87. Re6 Ka8 88. Ka5 Rh8 89. b6 Rh5+ 90. Kb4 Rh8 91. Kb5) 86... Ka8 87. Kc7 $2 (87. Kc6 $18 {Threatening mate with b6.} Rc8+ 88. Rc7) 87... Rc8+ $11 88. Kxc8 $4 {[%mdl 8192] Precision: White = 45%, Black = 47%.} (88. Kd6 Rc6+ 89. Ke5) 1/2-1/2

[Event "CAT-chT Honor Division 2019"]
[Site "Catalonia"]
[Date "2019.03.02"]
[Round "7.6"]
[White "Quintas Galeano, Lluis"]
[Black "Zurano Lopez, Pedro"]
[Result "0-1"]
[WhiteElo "2091"]
[BlackElo "2291"]
[Annotator "TA"]
[PlyCount "94"]
[EventDate "2019.01.16"]
[EventType "team-tourn"]
[EventCountry "ESP"]
[SourceTitle "playchess.com"]
[Source "ChessBase"]
[SourceQuality "1"]
[WhiteTeam "Lleida"]
[BlackTeam "Escola Salou"]

{[%evp 13,94,33,46,-6,0,0,-13,-28,-11,-25,-22,-18,-12,-35,-33,-33,-32,-37,-23,-29,-35,-27,-22,-38,-36,-35,-35,-30,-31,-35,-35,-76,-78,-82,-39,-72,-11,-34,-9,-77,-75,-83,-75,-181,-106,-161,-143,-544,-541,-543,-536,-585,-583,-635,-624,-675,-679,-622,-593,-783,-678,-795,-779,-758,-746,-1514,-1471,-1266,-1575,-6091,-5882,-29971,-29972,-29981,-29982,-29983,-29984,-29987,-29985,-29986,-29985,-29993,-29994]} 1. e4 c6 2. d4 d5 3. Nd2 g6 4. h3 Bg7 5. Ngf3 dxe4 6. Nxe4 Nd7 7. c3 {B15: Caro-Kann: 3 Nc3: 3...g6 and 3...dxe4 4 Nxe4 Nf6 5 Nxf6+ exf6} (7. Bc4 Ndf6 8. Nxf6+ Nxf6 9. O-O Nd5 10. Re1 O-O 11. Bb3 b6 12. c4 Nf6 13. Bg5 Bb7 14. Qe2 e6 15. Rad1 Re8 16. Ne5 h6 17. Bf4 Qe7 18. Qc2 Rac8 {1-0 (66) Dominguez Perez,L (2754)-Kamsky,G (2721) Beijing 2013}) 7... Ngf6 {LiveBook: 17 Games} 8. Ng3 (8. Nxf6+ $14 Nxf6 9. Bd3) 8... O-O $11 9. Bc4 {The position is equal.} c5 10. dxc5 Qc7 $146 ({Predecessor:} 10... Nxc5 11. O-O Qxd1 12. Rxd1 Be6 13. Bxe6 Nxe6 14. Be3 a6 {0-1 (47) Lopez Garralon,M (1796)-Rodriguez Ballespin,D (1937) Collado Villalba 2009}) 11. O-O Nxc5 12. Qe2 a6 13. a4 Be6 14. Be3 Nd5 15. Bd2 Nf4 16. Bxf4 $1 Qxf4 17. Bxe6 Nxe6 18. Rfe1 Rfd8 19. Qe4 Rd7 20. Rad1 Rad8 {[%cal Ba8d8,Bd8d7,Bd7d5][%mdl 32]} 21. Rxd7 Rxd7 22. Qxf4 Nxf4 23. Ne4 Rd5 24. g3 {[#]} Ne6 ({Better is} 24... Nd3 $1 $17 {[%cal Rd3e1]} 25. Rd1 e6) 25. Kg2 h6 26. Rc1 (26. Ned2 $11) 26... f5 $17 27. Ned2 Nc5 28. b3 (28. Ra1 $17) 28... e5 ({Black should play} 28... Rd3 $19 29. Kf1 Rxc3) 29. Nc4 (29. Rc2 $17) 29... e4 30. Nfd2 $2 {[%mdl 8192]} (30. Nd4 $17 {is tougher.}) 30... b5 $19 31. axb5 axb5 32. b4 bxc4 33. Nxc4 Nd3 34. Rb1 Bxc3 35. b5 {[#]} Nb2 $1 {[%mdl 512]} 36. Rxb2 Bxb2 37. Nxb2 Rxb5 {[%mdl 4096] Endgame KR-KN} 38. Nc4 Kg7 39. h4 Rc5 40. Ne3 g5 41. hxg5 hxg5 {[%cal Bh6g5,Bg5f4,Bf4f3][%mdl 32]} 42. Kh3 f4 {Black mates.} 43. Ng4 Rc2 44. gxf4 gxf4 45. Kg2 Kg6 46. Kg1 Kg5 47. Nh2 f3 {Precision: White = 21%, Black = 67%.} 0-1

[Event "CAT-chT Honor Division 2019"]
[Site "Catalonia"]
[Date "2019.03.02"]
[Round "7.7"]
[White "Hernando Rodrigo, Julio Antonio"]
[Black "Obon Temprano, Sergi"]
[Result "1/2-1/2"]
[WhiteElo "2308"]
[BlackElo "2273"]
[Annotator "NA RC"]
[PlyCount "68"]
[EventDate "2019.01.16"]
[EventType "team-tourn"]
[EventCountry "ESP"]
[SourceTitle "playchess.com"]
[Source "ChessBase"]
[SourceQuality "1"]
[WhiteTeam "BCN"]
[BlackTeam "Barbera"]
[TimeControl "5400+30"]

1. d4 {[%emt 0:01:38]} d5 {[%emt 0:00:00]} 2. Nf3 {[%emt 0:00:31]} Nf6 {[%emt 0:00:00]} 3. c4 {[%emt 0:00:06]} c6 {[%emt 0:00:00]} 4. e3 {[%emt 0:01:55]} Bf5 {[%emt 0:00:05]} 5. Nc3 {[%emt 0:00:11]} e6 {[%emt 0:00:10]} 6. Bd3 {[%emt 0:00:09]} Bxd3 {[%emt 0:00:17]} 7. Qxd3 {[%emt 0:00:07]} Nbd7 {[%emt 0:00:53]} 8. O-O {[%emt 0:00:16]} Bb4 {[%emt 0:00:27]} 9. Bd2 {[%emt 0:00:25]} a5 {[%emt 0:01:27]} 10. a3 {[%emt 0:00:25]} Be7 {[%emt 0:00:27]} 11. Rfd1 {[%emt 0:10:13]} O-O {[%emt 0:05:22]} 12. e4 {[%emt 0:00:57]} dxe4 {[%emt 0:03:17]} 13. Nxe4 {[%emt 0:00:07]} Nxe4 {[%emt 0:03:31]} 14. Qxe4 {[%emt 0:00:06]} Qc7 {[%emt 0:03:37]} 15. a4 {[%emt 0:10:20]} Rfd8 {[%emt 0:06:27]} 16. Bf4 {[%emt 0:14:29]} Bd6 {[%emt 0:04:48]} 17. Bg5 {[%emt 0:02:11]} Re8 {[%emt 0:00:52]} 18. c5 {[%emt 0:02:25]} Be7 {[%emt 0:03:37]} 19. Bf4 {[%emt 0:01:35]} Qc8 {[%emt 0:02:09]} 20. Qc2 {[%emt 0:02:17]} Nf6 {[%emt 0:03:03]} 21. Ne5 {[%emt 0:01:10]} Nd5 {[%emt 0:03:25]} 22. Bg3 {[%emt 0:01:03]} Bd8 {[%emt 0:08:43]} 23. Ra3 {[%emt 0:03:01]} Bc7 {[%emt 0:04:29]} 24. Nc4 {[%emt 0:00:24]} Rd8 {[%emt 0:03:30]} 25. Nd6 {[%emt 0:14:35]} Bxd6 {[%emt 0:04:34]} 26. Bxd6 {[%emt 0:00:11]} Rd7 {[%emt 0:05:21]} 27. Rh3 {[%emt 0:04:02]} h6 {[%emt 0:00:48]} 28. Re1 {[%emt 0:00:28]} Qd8 {[%emt 0:06:04]} 29. Qb3 {[%emt 0:01:38]} Ne7 {[%emt 0:06:14]} 30. Rxe6 {[%emt 0:11:37]} Nf5 {[%emt 0:00:51]} 31. Re1 {[%emt 0:00:14]} Nxd6 {[%emt 0:04:04]} 32. cxd6 {[%emt 0:00:08]} Qf6 {[%emt 0:01:09]} 33. d5 {[%emt 0:06:50]} cxd5 {[%emt 0:03:03]} 34. Qxd5 {[%emt 0:02:01]} Qxd6 {[%emt 0:01:35]} 1/2-1/2

[Event "CAT-chT Honor Division 2019"]
[Site "Catalonia"]
[Date "2019.03.02"]
[Round "7.7"]
[White "Montell Lorenzo, Joan Carlos"]
[Black "Bruned Segura, Mario"]
[Result "1-0"]
[WhiteElo "2267"]
[BlackElo "2067"]
[Annotator "TA"]
[PlyCount "79"]
[EventDate "2019.01.16"]
[EventType "team-tourn"]
[EventCountry "ESP"]
[SourceTitle "playchess.com"]
[Source "ChessBase"]
[SourceQuality "1"]
[WhiteTeam "Escola Salou"]
[BlackTeam "Lleida"]

{[%evp 12,79,26,5,61,27,12,12,20,10,23,0,0,0,9,0,0,0,0,-3,4,-8,0,-9,12,7,27,27,31,29,21,30,38,27,24,1,29,0,3,0,29,27,55,56,56,60,43,38,93,47,149,147,140,140,214,213,251,257,253,241,716,711,706,698,701,670,576,532,616,593]} 1. e4 e5 2. Nf3 Nf6 3. Nc3 d6 4. Bc4 Be7 5. d4 Nc6 6. h3 O-O 7. O-O Bd7 {C50: Hungarian Defence and Giuoco Pianissimo} (7... Nxe4 $11 8. Nxe4 d5 {[%mdl 64] Double Attack}) (7... a6 8. a4 Nxe4 9. Nxe4 d5 10. Bxd5 Qxd5 11. Nc3 Qd6 12. dxe5 Nxe5 13. Nxe5 Qxe5 14. Re1 Qc5 15. Qf3 Bd6 16. Bf4 Bxf4 17. Qxf4 {1-0 (36) Swiercz,D (2647)-Haznedaroglu,K (2491) Izmir 2016}) 8. a3 exd4 9. Nxd4 Nxd4 {The position is equal.} 10. Qxd4 Bc6 11. Nd5 Nxd5 12. exd5 Bf6 13. Qd1 $146 ({Predecessor:} 13. Qd3 Bd7 14. c3 Re8 15. Be3 g6 16. Qd2 a6 {1-0 (42) Gantar,J (1958)-Janzekovic,K (1526) Sentjur 2008}) 13... Bd7 14. Bd3 Re8 15. c3 Qc8 16. Qh5 g6 17. Qf3 Bg7 18. Bg5 Bf5 19. Bxf5 Qxf5 20. Qxf5 gxf5 21. Rfe1 Re4 22. Rxe4 (22. f3 {keeps more tension.} Re5 23. Rad1 a5 24. Kf2 b5 25. Bf4) 22... fxe4 $14 {[%mdl 4096] Endgame KRB-KRB} 23. g4 Re8 (23... f5 $5) 24. Rd1 a6 25. Kf1 f5 26. Ke2 Kf7 27. gxf5 Re5 28. Bd8 Rxf5 29. Bxc7 Ke7 ({Black should try} 29... Be5 $14) 30. Rg1 Bh6 (30... Bf6 $14) 31. c4 $16 b5 32. b3 {[%cal Bb2b3,Bb3c4,Bc4c5][%mdl 32]} Rf3 {[#]} (32... Kd7 $16) 33. Rg3 $1 $18 Kd7 {...Rxg3 is the strong threat.} 34. Bb6 bxc4 35. bxc4 Rxg3 $2 (35... Rf8 36. Be3 Rf6) 36. fxg3 {KB-KB. White is clearly winning.} Bc1 37. a4 Ke7 38. Be3 Bb2 39. g4 Bf6 40. c5 {Accuracy: White = 52%, Black = 23%.} 1-0

[Event "CAT-chT Honor Division 2019"]
[Site "Catalonia"]
[Date "2019.03.02"]
[Round "7.8"]
[White "Ramirez Carrizo, Victor Jose"]
[Black "Vehi Bach, Victor Manuel"]
[Result "0-1"]
[WhiteElo "2211"]
[BlackElo "2306"]
[Annotator "TA"]
[PlyCount "89"]
[EventDate "2019.01.16"]
[EventType "team-tourn"]
[EventCountry "ESP"]
[SourceTitle "playchess.com"]
[Source "ChessBase"]
[SourceQuality "1"]
[WhiteTeam "Barbera"]
[BlackTeam "BCN"]

{[%evp 12,89,36,22,42,14,25,22,21,15,38,25,26,24,27,24,22,10,13,0,88,115,134,58,79,63,132,145,161,172,174,144,129,79,201,71,73,45,56,56,164,166,193,184,183,37,43,0,0,4,35,0,16,0,0,0,0,-58,-12,-206,-48,-36,0,-99,-97,-262,0,-131,-146,-164,-162,-164,-161,-241,-24,-16,-7,-29986,-29979,-29987]} 1. e4 c5 2. Nf3 e6 3. d4 cxd4 4. Nxd4 Nf6 5. Nc3 d6 6. Be3 Be7 7. f3 h5 {B80: Sicilian Scheveningen: 6 g3 and 6 Be3, including English Attack} 8. a4 $146 ({Predecessor:} 8. Qd2 a6 9. Be2 Qc7 10. O-O-O Nbd7 11. Kb1 b6 12. Bg5 Bb7 13. Rhe1 Rc8 14. f4 b5 15. Bf3 {0-1 (60) Papp,G (2583)-Ivanisevic,I (2641) Hungary 2017}) 8... Nc6 {[%cal Bb8c6,Bc6a5,Ba5c4][%mdl 32]} 9. Bc4 a6 {The position is equal.} 10. O-O Bd7 11. Qe2 Qc7 12. Kh1 Na5 13. Ba2 Rc8 14. Rad1 Nc4 15. Bc1 g6 (15... h4 $11) 16. f4 $1 $16 O-O 17. Nf3 ({White should try} 17. f5 $16) 17... b5 $14 18. e5 Ne8 (18... dxe5 $14 19. fxe5 Nd5) 19. f5 $1 $16 exf5 20. Nd5 Qd8 21. exd6 Bxd6 22. Bh6 Rc6 (22... Bc6 $16 {keeps fighting.}) 23. Bxf8 (23. Rfe1 $18) 23... Bxf8 24. Bxc4 Rxc4 25. Nc3 {Black must now prevent axb5.} Qc8 (25... Nd6 $14) 26. Ne5 $18 {[%mdl 64] Double Attack} Be6 {With the idea ...b4.} 27. axb5 ({But not} 27. Nxc4 $6 Bxc4 28. Rd3 Nf6 $14) 27... axb5 {[#]} 28. Nxc4 (28. Rfe1 $1 $18) 28... Bxc4 $14 29. Qe3 {Strongly threatening Rfe1.} Bxf1 30. Rxf1 Nd6 31. Qe5 Qc4 {[%cal Rc4f1]} 32. Re1 b4 33. Nd5 Ne4 34. Ne3 (34. h3 $11) 34... Qc6 {[%mdl 1024] Black has compensation.} 35. Qb8 $2 (35. Nxf5 $1 $11 {and White stays safe.} gxf5 36. Qxf5) 35... Kg7 $2 (35... Qf6 $19 36. Rf1 Qxb2) 36. Qe5+ $15 Kg8 37. Qd5 {[#]} (37. Qb8 $11) 37... Qf6 $1 $17 38. Nc4 $2 (38. g3 $17 {was forced.}) 38... Bc5 $2 (38... Qh4 $19 {[%cal Rh4e1]} 39. Rf1 (39. g3 $2 Nxg3+ 40. Kg2 Ne4 $19) 39... Bc5) 39. h3 (39. g3 $1 $11 {was the only way to keep the balance.}) 39... Bd4 40. c3 bxc3 $40 {[%mdl 128] Black has strong attack.} 41. bxc3 Bxc3 42. Rb1 (42. Rxe4 $142 fxe4 43. Qxe4) 42... Bd4 $2 (42... Kg7 $19 {aiming for ...Bd4.} 43. Kh2 Qh4) 43. Rb8+ $1 $11 Kg7 {...Ng3+ is the strong threat.} 44. Qa8 $2 {[%mdl 8192]} (44. Qd8 $11 Qxd8 45. Rxd8) 44... Qg5 45. Rg8+ {Accuracy: White = 25%, Black = 26%.} 0-1

[Event "CAT-chT Honor Division 2019"]
[Site "Catalonia"]
[Date "2019.03.02"]
[Round "7.8"]
[White "Codina Garcia, Jose"]
[Black "Plasencia Martinez, Victor"]
[Result "1/2-1/2"]
[WhiteElo "2081"]
[BlackElo "2177"]
[Annotator "NA RC"]
[PlyCount "47"]
[EventDate "2019.01.16"]
[EventType "team-tourn"]
[EventCountry "ESP"]
[SourceTitle "playchess.com"]
[Source "ChessBase"]
[SourceQuality "1"]
[WhiteTeam "Lleida"]
[BlackTeam "Escola Salou"]
[TimeControl "5400+30"]

1. d4 Nf6 2. Nc3 d5 3. Bg5 Nbd7 4. e3 e6 5. Nf3 Be7 6. Bd3 O-O 7. O-O c5 8. Re1 c4 9. Bf1 b5 10. a3 h6 11. Bxf6 Nxf6 12. e4 b4 13. e5 Nh7 14. Nb1 Qb6 15. axb4 Qxb4 16. Ra2 Bd7 17. Nc3 a5 18. Qa1 Rfb8 19. h4 a4 20. Re3 Qb6 21. g3 g5 22. hxg5 Nxg5 23. Qd1 Qd8 24. Nb1 1/2-1/2

[Event "CAT-chT Honor Division 2019"]
[Site "Catalonia"]
[Date "2019.03.02"]
[Round "7.9"]
[White "Chueca Forcen, Alberto"]
[Black "Martinez Ramirez, Erik"]
[Result "1-0"]
[WhiteElo "2270"]
[BlackElo "2222"]
[Annotator "NA"]
[PlyCount "61"]
[EventDate "2019.01.16"]
[EventType "team-tourn"]
[EventCountry "ESP"]
[SourceTitle "playchess.com"]
[Source "ChessBase"]
[SourceQuality "1"]
[WhiteTeam "BCN"]
[BlackTeam "Barbera"]
[TimeControl "5400+30"]

1. d4 {[%emt 0:00:00]} Nf6 {[%emt 0:00:00]} 2. c4 {[%emt 0:00:00]} g6 {[%emt 0:00:02]} 3. Nc3 {[%emt 0:00:00]} d5 {[%emt 0:00:05]} 4. cxd5 {[%emt 0:00:08]} Nxd5 {[%emt 0:00:07]} 5. e4 {[%emt 0:00:08]} Nxc3 {[%emt 0:00:15]} 6. bxc3 {[%emt 0:00:02]} Bg7 {[%emt 0:00:28]} 7. Nf3 {[%emt 0:00:43]} c5 {[%emt 0:00:58]} 8. Be3 {[%emt 0:00:39]} O-O {[%emt 0:05:49]} 9. Be2 {[%emt 0:00:58]} Nc6 {[%emt 0:03:42]} 10. O-O {[%emt 0:04:34]} cxd4 {[%emt 0:02:08]} 11. cxd4 {[%emt 0:00:03]} Bg4 {[%emt 0:01:36]} 12. d5 {[%emt 0:00:32]} Bxa1 {[%emt 0:00:11]} 13. Qxa1 {[%emt 0:00:16]} Na5 {[%emt 0:01:14]} 14. Bh6 {[%emt 0:00:30]} f6 {[%emt 0:00:06]} 15. Bxf8 {[%emt 0:00:53]} Kxf8 {[%emt 0:01:59]} 16. Nd4 {[%emt 0:06:11]} Bxe2 {[%emt 0:04:22]} 17. Ne6+ {[%emt 0:01:53]} Kg8 {[%emt 0:00:06]} 18. Nxd8 {[%emt 0:00:10]} Bxf1 {[%emt 0:00:45]} 19. Qxf1 {[%emt 0:00:03]} Rxd8 {[%emt 0:00:15]} 20. Qb5 {[%emt 0:00:49]} b6 {[%emt 0:04:01]} 21. Qa6 {[%emt 0:00:26]} Ra8 {[%emt 0:00:15]} 22. f4 {[%emt 0:00:40]} Kf7 {[%emt 0:00:34]} 23. Kf2 {[%emt 0:00:18]} Ke8 {[%emt 0:06:23]} 24. Ke3 {[%emt 0:04:08]} Kd7 {[%emt 0:00:09]} 25. g4 {[%emt 0:04:05]} h6 {[%emt 0:01:29]} 26. e5 {[%emt 0:01:43]} g5 {[%emt 0:03:23]} 27. fxg5 {[%emt 0:03:30]} hxg5 {[%emt 0:02:47]} 28. Qb5+ {[%emt 0:00:29]} Kc7 {[%emt 0:01:49]} 29. d6+ {[%emt 0:01:42]} exd6 {[%emt 0:00:09]} 30. exf6 {[%emt 0:00:10]} Nb7 {[%emt 0:04:57]} 31. f7 {[%emt 0:01:47]} 1-0

[Event "CAT-chT Honor Division 2019"]
[Site "Catalonia"]
[Date "2019.03.02"]
[Round "7.9"]
[White "Plachkinova, Tatjana"]
[Black "Sole Gonzalez, Edgar"]
[Result "1/2-1/2"]
[WhiteElo "2059"]
[BlackElo "1971"]
[Annotator "NA"]
[PlyCount "63"]
[EventDate "2019.01.16"]
[EventType "team-tourn"]
[EventCountry "ESP"]
[SourceTitle "playchess.com"]
[Source "ChessBase"]
[SourceQuality "1"]
[WhiteTeam "Escola Salou"]
[BlackTeam "Lleida"]
[TimeControl "5400+30"]

1. d4 d5 2. c4 e6 3. Nc3 Nf6 4. cxd5 exd5 5. Qc2 Nbd7 6. Bg5 Be7 7. e3 c6 8. Bd3 O-O 9. Nf3 Re8 10. O-O h6 11. Bh4 Ne4 12. Bxe7 Qxe7 13. Rab1 Ndf6 14. Ne5 Bf5 15. b4 Nxc3 16. Qxc3 Bxd3 17. Qxd3 Nd7 18. Nxd7 Qxd7 19. b5 Rac8 20. h3 Rc7 21. Rfc1 Rec8 22. b6 axb6 23. Rxb6 c5 24. dxc5 Rxc5 25. Rxc5 Rxc5 26. Rb1 Qc7 27. g3 Rc1+ 28. Rxc1 Qxc1+ 29. Kg2 Qc6 30. Qd4 Qc4 31. Qe4 Qc6 32. Qd4 1/2-1/2

[Event "CAT-chT Honor Division 2019"]
[Site "Catalonia"]
[Date "2019.03.02"]
[Round "7.10"]
[White "Rivas Garcia, Victor"]
[Black "Orteu Capdevila, Max"]
[Result "0-1"]
[WhiteElo "2183"]
[BlackElo "2160"]
[Annotator "NA RC"]
[PlyCount "54"]
[EventDate "2019.01.16"]
[EventType "team-tourn"]
[EventCountry "ESP"]
[SourceTitle "playchess.com"]
[Source "ChessBase"]
[SourceQuality "1"]
[WhiteTeam "Barbera"]
[BlackTeam "BCN"]
[TimeControl "5400+30"]

1. e4 {[%emt 0:00:00]} c5 {[%emt 0:04:11]} 2. Nc3 {[%emt 0:00:00]} e6 {[%emt 0:00:06]} 3. f4 {[%emt 0:00:00]} d5 {[%emt 0:00:20]} 4. Nf3 {[%emt 0:00:06]} Nc6 {[%emt 0:00:10]} 5. Bb5 {[%emt 0:00:08]} Nf6 {[%emt 0:00:12]} 6. Bxc6+ {[%emt 0:00:32]} bxc6 {[%emt 0:00:08]} 7. Qe2 {[%emt 0:00:28]} Be7 {[%emt 0:01:01]} 8. d3 {[%emt 0:03:15]} c4 {[%emt 0:09:28]} 9. dxc4 {[%emt 0:14:34]} Ba6 {[%emt 0:00:31]} 10. Ne5 {[%emt 0:00:13]} Qb6 {[%emt 0:05:48]} 11. Rb1 {[%emt 0:08:23]} Bb4 {[%emt 0:08:20]} 12. Bd2 {[%emt 0:02:38]} Bxc3 {[%emt 0:03:18]} 13. Bxc3 {[%emt 0:00:07]} Nxe4 {[%emt 0:00:14]} 14. Qf3 {[%emt 0:07:53]} f6 {[%emt 0:07:47]} 15. Ng4 {[%emt 0:10:18]} Bxc4 {[%emt 0:02:31]} 16. b3 {[%emt 0:03:45]} Ba6 {[%emt 0:05:43]} 17. Nf2 {[%emt 0:00:41]} Nxc3 {[%emt 0:02:10]} 18. Qxc3 {[%emt 0:00:06]} O-O {[%emt 0:00:47]} 19. a4 {[%emt 0:10:31]} e5 {[%emt 0:02:40]} 20. f5 {[%emt 0:02:26]} e4 {[%emt 0:13:25]} 21. Rd1 {[%emt 0:00:11]} Rad8 {[%emt 0:00:17]} 22. b4 {[%emt 0:02:30]} d4 {[%emt 0:04:50]} 23. Qb3+ {[%emt 0:00:07]} Kh8 {[%emt 0:00:06]} 24. Ng4 {[%emt 0:08:37]} d3 {[%emt 0:06:43]} 25. cxd3 {[%emt 0:00:14]} exd3 {[%emt 0:00:49]} 26. Kd2 {[%emt 0:00:10]} Rfe8 {[%emt 0:00:21]} 27. Rde1 {[%emt 0:00:35]} Re2+ {[%emt 0:01:21]} 0-1

[Event "CAT-chT Honor Division 2019"]
[Site "Catalonia"]
[Date "2019.03.02"]
[Round "7.10"]
[White "Ghenghiu, Alex"]
[Black "Saldana Caballe, Enric"]
[Result "1/2-1/2"]
[WhiteElo "1894"]
[BlackElo "2069"]
[Annotator "NA RC"]
[PlyCount "119"]
[EventDate "2019.01.16"]
[EventType "team-tourn"]
[EventCountry "ESP"]
[SourceTitle "playchess.com"]
[Source "ChessBase"]
[SourceQuality "1"]
[WhiteTeam "Lleida"]
[BlackTeam "Escola Salou"]
[TimeControl "5400+30"]

1. d4 Nf6 2. Nf3 g6 3. g3 Bg7 4. Bg2 c5 5. O-O cxd4 6. Nxd4 O-O 7. c4 Nc6 8. Nc3 Qb6 9. Nc2 d6 10. Ne3 Be6 11. Rb1 Rac8 12. b3 Qa5 13. Bb2 Ng4 14. Nxg4 Bxg4 15. Na4 Qh5 16. Re1 b6 17. Bxg7 Kxg7 18. Nc3 Qe5 19. Qd2 Rfd8 20. Rbd1 Be6 21. e4 Qc5 22. h3 f6 23. Nd5 Rd7 24. b4 Qxc4 25. Bf1 Ne5 26. Bxc4 Nf3+ 27. Kg2 Nxd2 28. Ba6 Rc2 29. Bd3 Rxa2 30. Re2 Nxe4 31. Rxa2 Bxd5 32. Bb5 Bxa2 33. Bxd7 Kf7 34. f3 Nc3 35. Rd3 Nd5 36. b5 Bc4 37. Ra3 Nc7 38. Rxa7 Nxb5 39. Bxb5 Bxb5 40. Rb7 Ke6 41. Rxb6 Bc4 42. Kf2 h5 43. Ke3 h4 44. Rb4 d5 45. gxh4 Kf5 46. Rb7 e5 47. Rh7 d4+ 48. Kf2 Kf4 49. Rh6 Bd3 50. h5 Kg5 51. Rh8 gxh5 52. Kg3 Bg6 53. f4+ exf4+ 54. Kf3 d3 55. Rd8 Bf5 56. h4+ Kxh4 57. Kxf4 Bh7 58. Rf8 Kh3 59. Rxf6 Bg8 60. Ke4 1/2-1/2